| 000 | 00823nam a2200265 i 4500 | ||
|---|---|---|---|
| 001 | 000032312 | ||
| 003 | DO-SdBNP | ||
| 005 | 20240412074256.0 | ||
| 007 | ta | ||
| 008 | 110714s1957 dr r 000 j spa d | ||
| 040 |
_aDO-SdBNP _bspa _cBNPHU _erda |
||
| 082 |
_aRD863.4 _bM647c _222 |
||
| 100 | 1 |
_aMiller Otero, Fredy _d1918-1959 _eautor _929498 |
|
| 245 | 1 | 0 |
_aCuentos color sepia / _cFredy Miller Otero. |
| 264 |
_aCiudad Trujillo, República Dominicana : _bAtenas, _c1957. |
||
| 300 |
_a85 paginas ; _c24 cm. |
||
| 336 |
_2rdacontent _atexto _btxt |
||
| 337 |
_2rdamedia _asin mediación _bn |
||
| 338 |
_2rdacarrier _avolumen _bnc |
||
| 590 | _aInventariado, 2018/ YL | ||
| 650 | 0 |
_aCuentos dominicanos _9176 |
|
| 650 | 0 |
_aLiteratura dominicana. _967 |
|
| 910 | _aValidado. Control de calidad MFF | ||
| 942 |
_2ddc _cLBS1 |
||
| 999 |
_c31803 _d31803 |
||